| 000 | 00776nam a2200217 a 4500 | ||
|---|---|---|---|
| 001 | 000037908 | ||
| 005 | 20250219074027.0 | ||
| 008 | 130308s2012 dr 000 0 spa d | ||
| 020 | _a9789945460186 | ||
| 040 |
_aDO-SdBNP _bspa _cBNPHU |
||
| 100 | 1 |
_aGenao, P. Julio _916061 |
|
| 245 | 1 | 0 |
_aIglesia, supersticiones e influencias satánicas : _bayudas pastorales / _cP. Julio Genao, Nerys B. Paulino de Bonilla. |
| 250 | _a2a ed. | ||
| 260 |
_aSanto Domingo : _bSantuario , _c2012. |
||
| 300 |
_a121 p. : ; _c23 cm. |
||
| 490 | 1 | _aColección formación católica | |
| 500 | _aBreve biografía de los autores en las solapas | ||
| 700 | 1 |
_aPaulino de Bonilla, Nerys B. _916065 |
|
| 700 | 1 |
_aPérez, Isael, _d1961- _eed. _91414 |
|
| 830 | 0 |
_aColección formación católica _964350 |
|
| 999 |
_c37398 _d37398 |
||